Loading...
Literature - American Literature | 2 | 5 | 0 | 0 | 80 | 67 | 94.43 | 4 | 6 |
Literature - European Literature | 1 | 6 | 0 | 1 | 75 | 62 | 112.71 | 1 | 6 |
Literature - British Literature | 0 | 6 | 1 | 3 | 55 | 85 | 119.83 | 4 | 5 |
History - World History | 2 | 2 | 0 | 0 | 50 | 17 | 54.25 | 2 | 4 |
Philosophy | 2 | 2 | 1 | 0 | 45 | 21 | 64.75 | 4 | 4 |
Literature - World Literature | 2 | 2 | 1 | 0 | 45 | 48 | 80.25 | 2 | 4 |
Fine Arts - Other Fine Arts | 1 | 2 | 0 | 1 | 35 | 46 | 91.67 | 3 | 3 |
History - European History | 2 | 0 | 1 | 0 | 25 | 50 | 53.00 | 2 | 2 |
Social Science | 0 | 3 | 1 | 1 | 25 | 84 | 103.00 | 1 | 2 |
Fine Arts - Visual Fine Arts | 1 | 1 | 1 | 1 | 20 | 58 | 87.50 | 1 | 2 |
Mythology | 0 | 2 | 1 | 1 | 15 | 111 | 114.00 | 0 | 2 |
Pop Culture | 1 | 0 | 0 | 0 | 15 | 33 | 33.00 | 1 | 1 |
History - Other History | 0 | 1 | 0 | 0 | 10 | 97 | 97.00 | 1 | 1 |
Religion | 0 | 1 | 2 | 0 | 0 | 130 | 130.00 | 0 | 1 |
Other Academic | 0 | 0 | 1 | 0 | -5 | 0.00 | 0 | 0 | |
History - American History | 0 | 1 | 3 | 0 | -5 | 105 | 105.00 | 0 | 1 |